| 000 | 00503nam a2200205Ia 4500 | ||
|---|---|---|---|
| 003 | OSt | ||
| 005 | 20230309141930.0 | ||
| 008 | 210210b1978 xxu||||| |||| 00| 0 eng d | ||
| 040 | _cAL | ||
| 041 | _aEnglish | ||
| 082 | _a324.254 MALI | ||
| 100 |
_aMALICHAL (John) _974799 |
||
| 245 | _aIndian political parties and ideologies | ||
| 260 |
_bNot Mentioned _c1978 |
||
| 300 | _a68 | ||
| 650 |
_aPolitical Parties _974800 |
||
| 690 |
_aPolitical Process _974801 |
||
| 906 | _a033549 | ||
| 942 |
_2ddc _cBK |
||
| 999 |
_c84608 _d84608 |
||